ប្រៀបធៀបឥទ្ធិពលនៃឧបករណ៍ដាំត្រាប់បំពាក់ជាមួយត្រាក់ទ័រ និងការព្រោះដោយដៃលើពូជស្រូវសែនពិដោរ ,comparison on the effect of direct seeder equipped with tractor and convertional seeding on paddy rice sen pidor vaeiety (Record no. 19696)

000 -LEADER
fixed length control field 00796nam a22001577a 4500
003 - CONTROL NUMBER IDENTIFIER
control field LRUA
005 - DATE AND TIME OF LATEST TRANSACTION
control field 20210216105055.0
008 - FIXED-LENGTH DATA ELEMENTS--GENERAL INFORMATION
fixed length control field 210216b xxu||||| |||| 00| 0 eng d
040 ## - CATALOGING SOURCE
Transcribing agency RUA
082 ## - DEWEY DECIMAL CLASSIFICATION NUMBER
Classification number AGE YOE 2018 B670 Or.
100 ## - MAIN ENTRY--PERSONAL NAME
9 (RLIN) 14637
Personal name YOEURNG SUYTYOEURNG, យឿង​ ស៊ុយទ្រឿន
245 ## - TITLE STATEMENT
Title ប្រៀបធៀបឥទ្ធិពលនៃឧបករណ៍ដាំត្រាប់បំពាក់ជាមួយត្រាក់ទ័រ និងការព្រោះដោយដៃលើពូជស្រូវសែនពិដោរ ,comparison on the effect of direct seeder equipped with tractor and convertional seeding on paddy rice sen pidor vaeiety
260 ## - PUBLICATION, DISTRIBUTION, ETC. (IMPRINT)
Place of publication, distribution, etc. phnom penh
Name of publisher, distributor, etc. rua
Date of publication, distribution, etc. 2018
300 ## - PHYSICAL DESCRIPTION
Extent xi,44p,
Other physical details ill,
Dimensions 29cm,
942 ## - ADDED ENTRY ELEMENTS (KOHA)
Source of classification or shelving scheme
Koha item type AGE
Holdings
Price effective from Date last seen Permanent Location Not for loan Date acquired Source of classification or shelving scheme Koha item type Lost status Damaged status Shelving location Withdrawn status Current Location Full call number
2021-02-162021-02-16Library Block B 2021-02-16 AGE  B670 Library Block BAGE YOE 2018 B670 Or.
2021-02-162021-02-16Library Block B 2021-02-16 AGE  B670 Library Block BAGE YOE 2018 B670 Or.
2021-02-162021-02-16Library Block B 2021-02-16 AGE  B670 Library Block BAGE YOE 2018 B670 Or.
2021-02-162021-02-16Library Block B 2021-02-16 AGE  B670 Library Block BAGE YOE 2018 B670 Or.
2021-02-162021-02-16Library Block B 2021-02-16 AGE  B670 Library Block BAGE YOE 2018 B670 Or.
2021-02-162021-02-16Library Block B 2021-02-16 AGE  B670 Library Block BAGE YOE 2018 B670 Or.
2021-02-162021-02-16Library Block B 2021-02-16 AGE  B670 Library Block BAGE YOE 2018 B670 Or.
2021-02-162021-02-16Library Block B 2021-02-16 AGE  B670 Library Block BAGE YOE 2018 B670 Or.
2021-02-162021-02-16Library Block B 2021-02-16 AGE  B670 Library Block BAGE YOE 2018 B670 Or.
2021-02-162021-02-16Library Block B 2021-02-16 AGE  B670 Library Block BAGE YOE 2018 B670 Or.
2021-02-162021-02-16Library Block B 2021-02-16 AGE  B670 Library Block BAGE YOE 2018 B670 Or.
2021-02-162021-02-16Library Block B 2021-02-16 AGE  B670 Library Block BAGE YOE 2018 B670 Or.
មជ្ឈមណ្ឌលឯការនៃសាកលវិទ្យាល័យភូមិន្ទកសិកម្មចំការដូង

Powered by Koha